First Generation Pokemon #2-Sudden Death - Statistics

General Stats
  • This quiz has been taken 31 times
  • The average score is 10 of 15
Answers on the Grid
Answers color-coded by a green-red scale on the quiz's grid according to % correct below.
Charmander
Golbat
Pineco
Kirlia
Hitmonlee
Girafarig
Espeon
Zapdos
Drowzee
Gloom
Steelix
Komala
Caterpie
Applin
Magmar
Lapras
Cradily
Omanyte
Porygon2
Aerodactyl
Sandshrew
Munchlax
Honchkrow
Rhydon
Bagon
Mewtwo
Petilil
Victreebel
Ursaring
Beartic
 
Answer Stats
Answer % Correct
Charmander
100%
Golbat
78%
Zapdos
78%
Caterpie
72%
Mewtwo
72%
Aerodactyl
67%
Gloom
67%
Hitmonlee
67%
Lapras
67%
Magmar
67%
Drowzee
61%
Sandshrew
61%
Omanyte
56%
Rhydon
56%
Victreebel
56%
No matching quizzes found
Score Distribution
Percent of People with Each Score
Percentile by Number Answered
Your Score History
You have not taken this quiz